Green Grass, Running Water /

Gorde:
Xehetasun bibliografikoak
Egile nagusia: King, Thomas (autor)
Formatua: Liburua
Hizkuntza:ingelesa
Argitaratua: Nueva York, EUA : Harper Perennial, 1993, c1993
Gaiak:
Etiketak: Etiketa erantsi
Etiketarik gabe, Izan zaitez lehena erregistro honi etiketa jartzen!

MARC

LEADER 00000nam^a2200000^a^4500
001 000305353
005 20250521000000.0
009 20260310112746.167
020 |a 0-00-648513-8 
037 |a Acervo ITESO - Biblioteca 
041 |a ING 
082 |a 813.  |b KIN 
100 |a King, Thomas  |e (autor) 
245 1 0 |a Green Grass, Running Water /  |c T. King. 
264 4 |a Nueva York, EUA :  |b Harper Perennial,  |c 1993, c1993 
300 |a 431 p. 
336 |a texto  |b txt  |2 rdacontenido 
337 |a sin mediación  |b n  |2 rdamedio 
338 |a volumen  |b nc  |2 rdasoporte 
649 |a XX 
650 |a Novela Norteamericana 
650 |a Literatura Norteamericana -  |y Siglo XX 
650 |a Literatura Indígena -  |z EUA 
650 |a Literatura de Minorías -  |z EUA 
650 |a Indígenas de América del Norte -  |z Canadá -  |x Condiciones Sociales y Culturales 
650 |a Relaciones Interculturales -  |z Canadá 
650 |a Canadá en la Literatura 
910 |a Fondo General 
920 |a Impresos - Libros 
930 |a Colección General 
940 |a Literatura 
905 |a 101 
901 |a 0500191500  |b IT1  |c LIT  |i D53823  |u 20250521 
902 |a https://opac.biblio.iteso.mx/vufind/Record/000305353